000 00458nam a22001937a 4500
003 MPLRDC
005 20220104124402.0
008 210129b ||||| |||| 00| 0 eng d
020 _a957-9182-51-5
082 _a490.7 HY
100 _a华阳编著
245 _a厚黑商法
_c
250 _a初版
260 _a
_b玉树图书印刷有限公司
_c1997
300 _b
490 _a经营浅谈
650 _a商学总论
942 _cBK
_o490.7 HY
999 _c18917
_d18907